Medical ethics education: an interdisciplinary and social theoretical perspective /
There is a diversity of 'ethical practices' within medicine as an institutionalised profession as well as a need for ethical specialists both in practice as well as in institutionalised roles. This Brief offers a social perspective on medical ethics education. It discusses a range of conce...
Saved in:
| Main Author: | |
|---|---|
| Corporate Author: | |
| Format: | eBook |
| Language: | English |
| Published: |
Heidelberg
Springer International Publishing
2013.
|
| Series: | SpringerBriefs in Ethics
|
| Subjects: | |
| Online Access: | Click here to view the full text content |
| Tags: |
Add Tag
No Tags, Be the first to tag this record!
|
| LEADER | 02219nam a2200421 i 4500 | ||
|---|---|---|---|
| 001 | vtls000111141 | ||
| 003 | MY-ArUMP | ||
| 005 | 20210731152339.0 | ||
| 006 | m fo d | ||
| 007 | cr nn 008mamaa | ||
| 008 | 131031s2013 gw | fs |||| 0|eng d | ||
| 020 | |a 9783319004853 | ||
| 039 | 9 | |a 201406261021 |b SMI |c 201310311318 |d VLOAD |y 201310081645 |z NY | |
| 040 | |a MYPMP |b eng |c MYPMP |e rda | ||
| 100 | 1 | |a Emmerich, Nathan. |e author | |
| 245 | 1 | 0 | |a Medical ethics education: an interdisciplinary and social theoretical perspective / |c by Nathan Emmerich. |
| 264 | 1 | |a Heidelberg |b Springer International Publishing |c 2013. | |
| 300 | |a 1 online resource (XVII, 111 pages) | ||
| 336 | |a text |b txt |2 rdacontent | ||
| 337 | |a computer |b c |2 rdamedia | ||
| 338 | |a online resource |b cr |2 rdacarrier | ||
| 347 | |a text file |b PDF |2 rda | ||
| 490 | 1 | |a SpringerBriefs in Ethics |x 2211-8101 | |
| 520 | |a There is a diversity of 'ethical practices' within medicine as an institutionalised profession as well as a need for ethical specialists both in practice as well as in institutionalised roles. This Brief offers a social perspective on medical ethics education. It discusses a range of concepts relevant to educational theory and thus provides a basic illumination of the subject. Recent research in the sociology of medical education and the social theory of Pierre Bourdieu are covered. In the end, the themes of Bourdieuan Social Theory, socio-cultural apprenticeships and the 'characterological turn' in medical education are draw together the context of medical ethics education. | ||
| 650 | 0 | |a Education. | |
| 650 | 0 | |a Ethics. | |
| 650 | 0 | |a Medical ethics. | |
| 650 | 0 | |a Medical education. | |
| 710 | 2 | |a SpringerLink (Online service) | |
| 773 | 0 | |t Springer eBooks | |
| 776 | 0 | 8 | |i Printed edition |z 9783319004846 |
| 830 | 0 | |a SpringerBriefs in Ethics |x 2211-8101 | |
| 856 | 4 | 0 | |u http://dx.doi.org/10.1007/978-3-319-00485-3 |y Click here to view the full text content |
| 942 | |2 lcc |c BK-EBOOK | ||
| 949 | |a VIRTUAITEM |d 10011 |f 1 |x 9 | ||
| 950 | |a Humanities, Social Sciences and Law (Springer-11648) | ||
| 999 | |c 52288 |d 52288 | ||
| 952 | |0 0 |1 0 |2 lcc |4 0 |7 0 |9 47628 |a FSGM |b FSGM |d 2021-07-31 |l 0 |r 2021-07-31 |t 1 |w 2021-07-31 |y BK-EBOOK | ||